000 00741nam a2200205 a 4500
001 000030942
005 20240410103208.0
008 110608s1965 dr r 000 0 spa d
040 _aDO-SdBNP
_bspa
_cBNPHU
082 _a972.93054
_bS998d
100 1 _aSzulc, Tad.
_957453
245 1 0 _aDominican diary /
_cTad Szulc.
260 _aNew York :
_bDelacorte Press,
_c1965.
300 _axxii, 306 p. :
_bil., fots., map. ;
_c22 cm.
590 _aInventariado, 2018/VM
651 0 _aRepública Dominicana --
_xHistoria --
_y1961-
_96572
651 4 _aEstados Unidos
_xRelaciones Exteriores
_zRepública Dominicana
_96309
651 4 _aRepública Dominicana
_xRelaciones Exteriores
_zEstados Unidos
_96308
910 _aValidado. Control de calidad MFF
999 _c30434
_d30434